| 000 | 01426nam a2200217Ia 4500 | ||
|---|---|---|---|
| 001 | 16880 | ||
| 003 | GE_BSU | ||
| 008 | 181216s||||||||xx |||||||||||||| ||und|| | ||
| 040 | _cGE_BSU | ||
| 080 | _a821-84 + 821-1 + 821-3 | ||
| 245 | _aსიბრძნის სიმფონია | ||
| 245 | _bაფორიზმები, ხატოვანი თქმები, რჩეული აზრები მსოფლიოს ხალხთა პოეზიასა და პროზაში | ||
| 245 | _cშედგენა,თარგმნა, შესავალი,განმარტებანი აკაკი გელოვანისა. მხ. ჯიბო ყავლაშვილი. მხ. რედ. გ.ინასარიძე | ||
| 260 | _aთბილისი | ||
| 260 | _bხელოვნება | ||
| 260 | _c1989 | ||
| 300 | _a815გვ. : 40ფ. ილ. ; 20სმ.. | ||
| 653 | _aეგვიპტე; ანტიკა; ბიზანტიური პოეზიიდან; ევროპა; ამერიკა; მოზაიკა; აღმოსავლეთი; რუსეთი; მოძმე ხალხები ქართული სიბრძნის საგანძურიდან; სხვათა სიტყვით | ||
| 653 | _aსიბრძნის სიმფონია | ||
| 942 | _cBK | ||
| 999 |
_c49944 _d49944 |
||